| 000 | 01646 a2200301 4500 | ||
|---|---|---|---|
| 001 | 48121 | ||
| 005 | 20260407155748.0 | ||
| 008 | 260407a1998 arg spa d | ||
| 003 | AR-UNSa-BCEJYS | ||
| 040 |
_aAR-UNSa-BCEJYS _bspa _cAR-UNSa-BCEJYS |
||
| 080 |
_a512 _xAlgebra |
||
| 245 | 1 | 0 | _aÁlgebra, trigonometría y geometría analítica |
| 020 | _a968-444-280-7 | ||
| 264 | 1 |
_aMéxico : _bPearson Educación _c1998 |
|
| 300 |
_a1027 p. _c23 cm. |
||
| 505 | _a1. Números reales, álgebra y solución de problemas - 2. Ecuaciones y desigualdades - 3. Relaciones, funciones y gráficas - 4. Sistemas de ecuaciones y resolución de problemas - 5. Polinomios y ecuaciones polinómicas - 6. Expresiones racionales y ecuaciones - 7. Potencias, raíces y números complejos - 8. Ecuaciones cuadráticas - 9. Funciones cuadráticas y transformaciones - 10. Ecuaciones de segundo grado - 11. Funciones polinómicas - 12. Funciones exponenciales y funciones logarítmicas - 13. Matrices y determinantes - 14. Sucesiones, series e introducción matemática - 15. Conteo y probabilidad - 16. Estadística y análisis de datos - 17. Funciones trigonométricas - 18. Identidades y ecuaciones trigonométricas. | ||
| 041 | _aspa | ||
| 942 | _cBK | ||
| 590 | _aniveau_biblio:m niveau_hierar:0 | ||
| 100 | 1 | _aTorres Alcaraz, Carlos | |
| 700 | 1 | _aCharles, Randall I. | |
| 700 | 1 | _aSmith, Stanley A. | |
| 700 | 1 | _aGonzález de Nin, Ángela | |
| 700 | 1 | _aDossey, John A. | |
| 700 | 1 | _aKeedy, Mervin L. | |
| 700 | 1 | _aBittinger, Marvin L. | |
| 856 | 4 | 1 |
_uhttps://www.biblioeco.unsa.edu.ar/pmb/images/libros/L127873.jpg _yImagen de portada _qimage/jpeg |
| 999 |
_c4560 _d4560 |
||